Marketing research: an applied approach. / (Record no. 935)

MARC details
000 -LEADER
fixed length control field 01691nam a22001937a 4500
008 - FIXED-LENGTH DATA ELEMENTS--GENERAL INFORMATION
fixed length control field 120521t xxu||||| |||| 00| 0 eng d
020 ## - INTERNATIONAL STANDARD BOOK NUMBER
International Standard Book Number 0273706896
050 ## - LIBRARY OF CONGRESS CALL NUMBER
Classification number HF5415.2.M291
100 ## - MAIN ENTRY--PERSONAL NAME
Personal name Malhotra, Naresh K.
245 ## - TITLE STATEMENT
Title Marketing research: an applied approach. /
Statement of responsibility, etc. Naresh K. Malhotra and David F. Birks
250 ## - EDITION STATEMENT
Edition statement 3rd ed.
260 ## - PUBLICATION, DISTRIBUTION, ETC.
Place of publication, distribution, etc. England:
Name of publisher, distributor, etc. Prentice Hall,
Date of publication, distribution, etc. c2007.
300 ## - PHYSICAL DESCRIPTION
Extent xxi,835 p.:
Other physical details ill.;
Dimensions 26cm.
500 ## - GENERAL NOTE
General note Includes index
505 ## - FORMATTED CONTENTS NOTE
Formatted contents note Contents: Introduction to marketing research -- Defining the marketing research problem and developing a research approach -- Research design -- Secondary data collection and analysis -- Internal secondary data and the use of databases -- Qualitative research: its nature and approaches -- Qualitative research: focus groups -- Qualitative research: in-depth interviewing and projective techniques -- Qualitative research: data analysis -- Survey and qualitative observation techniques -- Causal research design: experimentation -- Measurement and scaling: fundamentals, comparative and non-comparative scaling -- Questionaire design -- Sampling: design and procedures -- Sampling: final and initial sample size determination -- Survey fieldwork -- Data preparation -- Frequency distribution, cross-tabulation and hypothesis testing -- Analysis of variance and covariance -- Identifying relationships -- Discriminant analysis -- Factor analysis -- Cluster analysis -- Multidimensional scaling and conjoint analysis -- Report preparation and presentation -- International marketing research -- Business-to-business (b2b) marketing research.
650 ## - SUBJECT ADDED ENTRY--TOPICAL TERM
Topical term following geographic name entry element Marketing research.
700 ## - ADDED ENTRY--PERSONAL NAME
Personal name Birks, David F.
942 ## - ADDED ENTRY ELEMENTS (KOHA)
Source of classification or shelving scheme Library of Congress Classification
Koha item type Books
Holdings
Withdrawn status Lost status Source of classification or shelving scheme Damaged status Not for loan Home library Current library Shelving location Date acquired Total Checkouts Full call number Barcode Date last seen Copy number Price effective from Koha item type
    Library of Congress Classification     WISCONSIN INTERNATIONAL UNIVERSITY COLLEGE, GHANA - MAIN LIBRARY WISCONSIN INTERNATIONAL UNIVERSITY COLLEGE, GHANA - MAIN LIBRARY General Stacks 21/05/2012   HF5415.2.M291 2229/12 21/05/2012 1 21/05/2012 Books
    Library of Congress Classification     WISCONSIN INTERNATIONAL UNIVERSITY COLLEGE, GHANA - MAIN LIBRARY WISCONSIN INTERNATIONAL UNIVERSITY COLLEGE, GHANA - MAIN LIBRARY General Stacks 21/05/2012   HF5415.2.M2911 2230/12 21/05/2012 2 21/05/2012 Books
    Library of Congress Classification     WISCONSIN INTERNATIONAL UNIVERSITY COLLEGE, GHANA - MAIN LIBRARY WISCONSIN INTERNATIONAL UNIVERSITY COLLEGE, GHANA - MAIN LIBRARY General Stacks 21/05/2012   HF5415.2.M2912 2231/12 21/05/2012 3 21/05/2012 Books

If you have any concerns or questions; kindly contact the library


© Powered by WIUC ICT DIRECTORATE